[Event "Titled Tue 3rd Jan Late"]
[Site "chess.com INT"]
[Date "2025.06.03"]
[Round "2"]
[White "Goryachkina, Aleksandra"]
[Black "Paval, George"]
[Result "1-0"]
[WhiteTitle "GM"]
[WhiteElo "2544"]
[BlackElo "2139"]
[WhiteFideId "4147103"]
[BlackFideId "1214233"]
[EventDate "2025.06.03"]

1. e4 c6 2. d4 d5 3. Nd2 dxe4 4. Nxe4 Bf5 5. Ng3 Bg6 6. h4 h6 7. Nf3 Nd7 8. Bd3
Bxd3 9. Qxd3 e6 10. Bf4 Bb4+ 11. c3 Be7 12. O-O-O Ngf6 13. Qe2 Qa5 14. Kb1 O-O-O
15. Nd2 Nd5 16. Be3 N7f6 17. Nb3 Qc7 18. Qf3 Nxe3 19. fxe3 c5 20. Ne4 Nxe4 21.
Qxe4 Kb8 22. h5 cxd4 23. cxd4 Ka8 24. Rc1 Qd7 25. Rhf1 Rhf8 26. g4 Bd6 27. a3
Kb8 28. Rc3 Rc8 29. Nc5 Bxc5 30. dxc5 Rfd8 31. Qe5+ Rc7 32. Qxg7 Rxc5 33. Rxc5
Qd3+ 34. Ka2 Qxf1 35. Qxh6 b6 36. Rc3 Qf3 37. Qf4+ Qxf4 38. exf4 Rh8 39. Rh3 Kc7
40. h6 Kd6 41. g5 Kd5 42. Kb3 Ke4 43. Rh1 Kf5 44. Kb4 a6 45. Rh4 e5 46. fxe5
Kxe5 47. Rh1 Kf5 48. Rg1 Kg6 49. a4 Rc8 50. Rf1 1-0

[Event "Titled Tue 3rd Jan Late"]
[Site "chess.com INT"]
[Date "2025.06.03"]
[Round "2"]
[White "Novosel, Lovro"]
[Black "Harriott, Tyrell"]
[Result "1-0"]
[WhiteTitle "FM"]
[WhiteElo "2346"]
[BlackElo "1924"]
[WhiteFideId "14547120"]
[BlackFideId "2086484"]
[EventDate "2025.06.03"]

1. c4 e6 2. d4 d5 3. Nc3 f5 4. Nf3 c6 5. Bf4 Ne7 6. e3 Ng6 7. h4 Be7 8. h5 Nxf4
9. exf4 O-O 10. Bd3 Nd7 11. Qe2 Nf6 12. Rd1 Ne4 13. Ne5 Bf6 14. h6 g6 15. g3 Qb6
16. c5 Qa5 17. Qc2 Qc7 18. Kf1 Bxe5 19. fxe5 Qe7 20. Ne2 Qg5 21. Nf4 Bd7 22. Kg2
b6 23. b4 bxc5 24. bxc5 Rfb8 25. Rb1 a5 26. Qa4 Rxb1 27. Rxb1 Qxh6 28. Rb7 Be8
29. Nxe6 g5 30. Nc7 g4 31. Bxe4 Qh3+ 32. Kg1 fxe4 33. Nxe8 e3 34. Nf6+ Kf8 35.
Nxh7+ Kg8 36. Nf6+ Kf8 37. Qc2 Qh6 38. Qf5 exf2+ 39. Qxf2 Qc1+ 40. Kg2 Rd8 41.
Nh7+ 1-0

[Event "Titled Tue 3rd Jan Late"]
[Site "chess.com INT"]
[Date "2025.06.03"]
[Round "2"]
[White "Gomez Gonzales, Fabiana"]
[Black "Yushko, Olga"]
[Result "0-1"]
[WhiteTitle "WCM"]
[BlackTitle "WFM"]
[WhiteElo "1843"]
[BlackElo "2036"]
[WhiteFideId "3860191"]
[BlackFideId "14114500"]
[EventDate "2025.06.03"]

1. e4 Nf6 2. e5 Nd5 3. c4 Nb6 4. d4 d6 5. exd6 exd6 6. Nf3 Bg4 7. h3 Bh5 8. Nc3
Be7 9. Be3 O-O 10. Be2 Re8 11. O-O Nc6 12. b3 Bf6 13. Rc1 h6 14. Qd2 d5 15. cxd5
Nxd5 16. Nxd5 Qxd5 17. Bc4 Qd7 18. Be2 Bxf3 19. Bxf3 Nxd4 20. Bxd4 Bxd4 21. Bxb7
Rad8 22. Bc6 Qd6 23. Bxe8 Rxe8 24. Rfd1 c5 25. Qc2 Qf4 26. Re1 Be5 27. g3 Qg5
28. Qxc5 f6 29. Qd5+ Kh8 30. Qg2 Rd8 31. Red1 Bd4 32. Qf3 h5 33. Kh2 h4 34. Rd3
Qxc1 35. Qh5+ Qh6 36. Qa5 hxg3+ 37. Kg2 Rd7 38. Qb5 Qg6 39. Qxd7 Qxd3 40. Qd8+
Kh7 41. fxg3 Qd2+ 0-1

[Event "Titled Tue 3rd Jan Late"]
[Site "chess.com INT"]
[Date "2025.06.03"]
[Round "2"]
[White "Vasenev, Sergey"]
[Black "El Jawich, Amro"]
[Result "0-1"]
[WhiteTitle "FM"]
[BlackTitle "FM"]
[WhiteElo "2283"]
[BlackElo "2307"]
[WhiteFideId "4126858"]
[BlackFideId "5300380"]
[EventDate "2025.06.03"]

1. e4 g6 2. h4 d5 3. exd5 Nf6 4. Nc3 Bg7 5. d4 Nxd5 6. h5 Nxc3 7. bxc3 c5 8.
hxg6 hxg6 9. Rxh8+ Bxh8 10. Be3 Nc6 11. Bb5 cxd4 12. Bxc6+ bxc6 13. cxd4 c5 14.
c3 Qa5 15. Qd2 Ba6 16. Nf3 Qb5 17. O-O-O Rb8 18. Qc2 Bc8 19. Qb3 Qxb3 20. axb3
Rxb3 21. Kc2 c4 22. Ra1 Bf5+ 23. Kd2 Rb2+ 24. Ke1 Rb1+ 25. Rxb1 Bxb1 26. Kd2 a5
27. Kc1 Be4 28. Kb2 Kd8 29. Ka3 Kc7 30. Ka4 Kb6 31. Nd2 Bc6+ 32. Ka3 Bf6 33. d5+
Kb5 34. dxc6 Bxc3 35. c7 Bb4+ 0-1

[Event "Titled Tue 3rd Jan Late"]
[Site "chess.com INT"]
[Date "2025.06.03"]
[Round "2"]
[White "Powell, Paul"]
[Black "Bacrot, Etienne"]
[Result "0-1"]
[WhiteTitle "CM"]
[BlackTitle "GM"]
[WhiteElo "2270"]
[BlackElo "2633"]
[WhiteFideId "2005840"]
[BlackFideId "605506"]
[EventDate "2025.06.03"]

1. d4 d5 2. Nf3 Nf6 3. Bf4 g6 4. e3 Bg7 5. Nbd2 O-O 6. h3 b6 7. c3 Bb7 8. Bd3 c5
9. Ne5 Nbd7 10. O-O Rc8 11. Rc1 e6 12. Ndf3 Ne4 13. Nxd7 Qxd7 14. Ne5 Qe7 15. f3
Nd6 16. Bg3 f6 17. Ng4 Nf5 18. Bf2 Nd6 19. Qe2 e5 20. dxe5 fxe5 21. Bg3 Nf5 22.
Bh2 h5 23. Nf2 Bh6 24. Bxf5 Rxf5 25. Rcd1 Rf7 26. Nd3 Ba6 27. Qd2 Rf5 28. Rfe1
Rd8 29. Nf2 d4 30. cxd4 cxd4 31. f4 Qf7 32. Ne4 exf4 33. exf4 d3 34. Ng5 Qd5 35.
Re7 Bxg5 36. fxg5 Bb7 37. Rde1 Rdf8 38. Be5 Qc5+ 39. Kh2 Qxe7 40. Bf6 Qd6+ 41.
Kg1 Qc5+ 42. Kh2 Rf2 43. Qxd3 Rxg2+ 44. Kh1 Rg1+ 0-1

[Event "Titled Tue 3rd Jan Late"]
[Site "chess.com INT"]
[Date "2025.06.03"]
[Round "2"]
[White "Montiel, Angel Nathanael"]
[Black "Fadi, Marko"]
[Result "1-0"]
[WhiteTitle "CM"]
[BlackTitle "FM"]
[WhiteElo "2011"]
[BlackElo "2244"]
[WhiteFideId "3706923"]
[BlackFideId "10605371"]
[EventDate "2025.06.03"]

1. e3 e5 2. Nf3 Nc6 3. d4 e4 4. Nfd2 d5 5. c4 Nf6 6. cxd5 Qxd5 7. Nc3 Qf5 8. Qc2
Nxd4 9. exd4 e3 10. Nde4 Nxe4 11. Qxe4+ Qxe4 12. Nxe4 Bb4+ 13. Ke2 exf2 14. Kxf2
O-O 15. Bf4 Re8 16. Bd3 Bf5 17. Nf6+ gxf6 18. Bxf5 Ba5 19. a3 Bb6 20. Rad1 Rad8
21. Be3 Rd5 22. g4 Red8 23. Be4 R5d6 24. h4 c6 25. Rhe1 Kg7 26. Kg3 Re8 27. Bf5
Rdd8 28. b4 a5 29. h5 axb4 30. h6+ Kg8 31. axb4 Re7 32. Bf2 Ree8 33. Rxe8+ Rxe8
34. Re1 Rxe1 35. Bxe1 Bxd4 36. Bc8 c5 37. b5 b6 38. Bd2 c4 39. Kf3 c3 40. Bc1
Be5 41. Ke4 Kh8 42. Bf5 Kg8 43. Kd5 Kh8 44. Kc4 Kg8 45. Be3 1-0

[Event "Titled Tue 3rd Jan Late"]
[Site "chess.com INT"]
[Date "2025.06.03"]
[Round "2"]
[White "Tymrakiewicz, Rafal"]
[Black "Lezcano, Gustavo"]
[Result "1-0"]
[WhiteTitle "FM"]
[WhiteElo "2189"]
[BlackElo "2007"]
[WhiteFideId "1108832"]
[BlackFideId "103306"]
[EventDate "2025.06.03"]

1. d4 Nc6 2. Nf3 d5 3. Bg5 Bg4 4. e3 f6 5. Bh4 Qd7 6. h3 Bh5 7. Bb5 Bf7 8. O-O
a6 9. Ba4 e6 10. Nbd2 b5 11. Bb3 Na5 12. e4 Nxb3 13. axb3 Nh6 14. Re1 Be7 15.
Qe2 O-O 16. exd5 Qxd5 17. c4 bxc4 18. bxc4 Qb7 19. d5 Nf5 20. dxe6 Bg6 21. b3
Rfd8 22. Qe4 Qxe4 23. Nxe4 Nxh4 24. Nxh4 Bxe4 25. Rxe4 g6 26. Nf3 f5 27. Ree1
Rd3 28. Red1 Rxb3 29. Rd7 Bd6 30. Rc1 Re8 31. g3 Rxe6 32. Nd4 Ba3 33. Rf1 Rd3
34. Rd8+ Kf7 35. Nxe6 Bd6 36. Ng5+ Kf6 37. Nxh7+ Kg7 38. Ng5 a5 39. Ra8 Bb4 40.
h4 1-0

[Event "Titled Tue 3rd Jan Late"]
[Site "chess.com INT"]
[Date "2025.06.03"]
[Round "2"]
[White "Shukhman, Anna"]
[Black "Alvarado, Carlos"]
[Result "1-0"]
[WhiteTitle "WGM"]
[BlackTitle "CM"]
[WhiteElo "2413"]
[BlackElo "2032"]
[WhiteFideId "54180058"]
[BlackFideId "3800555"]
[EventDate "2025.06.03"]

1. e4 c6 2. d4 d5 3. e5 Bf5 4. Nf3 e6 5. Be2 Nd7 6. O-O h6 7. c3 Ne7 8. a4 Bg4
9. Ne1 Bxe2 10. Qxe2 Nf5 11. a5 c5 12. a6 b6 13. Nf3 Be7 14. Na3 O-O 15. Nb5 c4
16. Rb1 Nb8 17. Ra1 Nc6 18. Nd2 Qd7 19. b3 Nxe5 20. Qxe5 Qxb5 21. bxc4 Qd7 22.
cxd5 Qxd5 23. Qxd5 exd5 24. g4 Nd6 25. Re1 Bg5 26. h4 Bxh4 27. Re5 Nb5 28. Bb2
Rfd8 29. c4 Nc7 30. Rc1 Bg5 31. Rc2 Bxd2 32. Rxd2 dxc4 33. d5 Nxa6 34. d6 Nc5
35. Re7 b5 36. Ba3 Nd3 37. d7 a5 38. Bd6 b4 39. Bc7 Kf8 40. Rde2 Rxd7 41. Rxd7
Nc5 42. Bd6+ Kg8 43. Bxc5 c3 44. Bd4 a4 45. Rb7 a3 46. Rxb4 a2 47. Bxc3 1-0

[Event "Titled Tue 3rd Jan Late"]
[Site "chess.com INT"]
[Date "2025.06.03"]
[Round "2"]
[White "Escareno Rojas, Angel Salvador"]
[Black "Garcia Gracia, Victor Hugo"]
[Result "0-1"]
[BlackTitle "CM"]
[WhiteElo "1965"]
[BlackElo "2206"]
[WhiteFideId "5107733"]
[BlackFideId "22295755"]
[EventDate "2025.06.03"]

1. d4 d5 2. c4 c6 3. Nf3 Nf6 4. e3 g6 5. Bd3 dxc4 6. Bxc4 Bg7 7. O-O O-O 8. b3
Nbd7 9. Bb2 Nb6 10. Be2 Bf5 11. Nbd2 Ne4 12. Nxe4 Bxe4 13. Nd2 Bd5 14. Rc1 Re8
15. e4 Be6 16. Nf3 Qd6 17. Qc2 Red8 18. Rfd1 Rac8 19. e5 Qd7 20. Nd2 Bh6 21. Ne4
Bxc1 22. Nc5 Qc7 23. Bxc1 Bd5 24. Bf4 e6 25. f3 Nd7 26. Bg5 Nxc5 27. dxc5 Qxe5
28. Bxd8 Qe3+ 29. Kh1 Rxd8 30. b4 h5 31. Bc4 h4 32. Bxd5 Rxd5 33. Rxd5 exd5 34.
Qd1 h3 35. gxh3 d4 36. Kg2 d3 37. a4 d2 38. Kf1 Kg7 39. b5 Qd3+ 40. Kf2 cxb5 41.
axb5 Qxb5 42. Qxd2 Qxc5+ 43. Kg3 Qe5+ 44. f4 Qf6 45. Qa5 a6 46. Qb4 b5 47. Qa5
Qd6 48. Kf3 b4 49. Qa1+ Kh7 50. Qa5 Qd3+ 51. Kg4 Qf5+ 52. Qxf5 gxf5+ 53. Kxf5 b3
54. Ke4 b2 55. Kd3 b1=Q+ 56. Kc3 Qh1 0-1

[Event "Titled Tue 3rd Jan Late"]
[Site "chess.com INT"]
[Date "2025.06.03"]
[Round "2"]
[White "Bullen, Alex"]
[Black "Hadzovic, Amir"]
[Result "0-1"]
[WhiteTitle "CM"]
[BlackTitle "FM"]
[WhiteElo "2160"]
[BlackElo "2354"]
[WhiteFideId "1801627"]
[BlackFideId "14402300"]
[EventDate "2025.06.03"]

1. c3 e5 2. d4 d6 3. dxe5 dxe5 4. Qxd8+ Kxd8 5. e4 Nf6 6. f3 Nfd7 7. Be3 f6 8.
Nd2 c6 9. Bc4 Kc7 10. a4 a5 11. Ne2 Bc5 12. Bxc5 Nxc5 13. Nb3 Nbd7 14. Nxc5 Nxc5
15. Nc1 Be6 16. Bxe6 Nxe6 17. Nd3 Rhd8 18. O-O-O b5 19. axb5 cxb5 20. Kc2 Kb6
21. Nc1 a4 22. Na2 Rac8 23. Nb4 Nd4+ 24. Kb1 Nb3 25. Rd5 Nd2+ 26. Kc1 Nb3+ 27.
Kb1 Nd2+ 28. Kc1 Nc4 29. Rhd1 Rxd5 30. Rxd5 Ne3 31. Rd7 Rc7 32. Nd5+ Nxd5 33.
Rxd5 Kc6 34. Kc2 Ra7 35. c4 bxc4 36. Kc3 a3 37. bxa3 Rxa3+ 38. Kxc4 Ra2 39. g4
Rxh2 40. Rd3 Rc2+ 41. Kb3 Rf2 42. Kc4 g6 43. Rc3 Kd6 44. Rd3+ Ke6 45. Re3 h5 46.
gxh5 gxh5 47. Ra3 Ke7 0-1

[Event "Titled Tue 3rd Jan Late"]
[Site "chess.com INT"]
[Date "2025.06.03"]
[Round "2"]
[White "Jumabayev, Rinat"]
[Black "Ersoz, Teoman Guney"]
[Result "1-0"]
[WhiteTitle "GM"]
[BlackTitle "CM"]
[WhiteElo "2551"]
[BlackElo "2090"]
[WhiteFideId "13702661"]
[BlackFideId "44537050"]
[EventDate "2025.06.03"]

1. d4 Nf6 2. c4 g6 3. Nf3 Bg7 4. g3 d5 5. cxd5 Nxd5 6. Bg2 O-O 7. O-O Nc6 8. e4
Nb6 9. d5 Na5 10. Nc3 c6 11. Bg5 cxd5 12. exd5 h6 13. Bf4 Nac4 14. b3 Bxc3 15.
bxc4 Bxa1 16. Qxa1 Kh7 17. Qd4 Nd7 18. Re1 Re8 19. Qd2 g5 20. Qc2+ Kg7 21. Bc1
Nf6 22. Bb2 Qd7 23. h4 Qf5 24. Qd2 gxh4 25. Nxh4 Qg5 26. Qd4 Bd7 27. Bf3 Rg8 28.
Re5 Rae8 29. Rxg5+ hxg5 30. Ng2 g4 31. Bd1 Rh8 32. Ne3 Rh5 33. Nxg4 Reh8 34.
Nxf6 Rh1+ 35. Kg2 R8h2+ 36. Kf3 exf6 37. Qxf6+ Kf8 38. Qd8+ Be8 39. Ba3+ Kg7 40.
Qg5+ Kh7 41. Bc2+ Kh8 42. Bb2+ f6 43. Bxf6# 1-0

[Event "Titled Tue 3rd Jan Late"]
[Site "chess.com INT"]
[Date "2025.06.03"]
[Round "2"]
[White "De Sousa, Antonio Micaias Silva"]
[Black "Rueda Rojas, Richard Alejandro"]
[Result "1-0"]
[BlackTitle "FM"]
[WhiteElo "2007"]
[BlackElo "2090"]
[WhiteFideId "22798528"]
[BlackFideId "4491505"]
[EventDate "2025.06.03"]

1. e4 g6 2. d4 Bg7 3. c4 c5 4. Nf3 cxd4 5. Nxd4 Nc6 6. Be3 f6 7. Nc3 d6 8. Qd2
f5 9. f3 fxe4 10. Nxe4 Nf6 11. Nc3 Bd7 12. Be2 O-O 13. O-O Rc8 14. Rac1 a6 15.
Rfd1 Ne5 16. b3 Qa5 17. h3 Nc6 18. a4 Rfe8 19. Bf1 Nxd4 20. Bxd4 Bc6 21. Rb1 Qh5
22. g4 Qa5 23. b4 Qc7 24. b5 Bxf3 25. Re1 e5 26. Bf2 a5 27. b6 Qc6 28. Nb5 Ne4
29. Qxa5 Nxf2 30. Kxf2 e4 31. Qd2 Qc5+ 32. Qe3 1-0

[Event "Titled Tue 3rd Jan Late"]
[Site "chess.com INT"]
[Date "2025.06.03"]
[Round "2"]
[White "Avila, Lucas"]
[Black "Hamitevici, Vladimir"]
[Result "1-0"]
[BlackTitle "GM"]
[WhiteElo "2182"]
[BlackElo "2423"]
[WhiteFideId "107751"]
[BlackFideId "13902393"]
[EventDate "2025.06.03"]

1. e4 d6 2. d4 Nf6 3. Nc3 e5 4. Nf3 Nbd7 5. Bc4 Be7 6. O-O O-O 7. Re1 h6 8. a4
Re8 9. h3 Bf8 10. b3 c6 11. a5 Qc7 12. Bb2 Rb8 13. Nh4 b5 14. axb6 axb6 15. Qd2
b5 16. Bf1 g6 17. dxe5 dxe5 18. Qe3 Nc5 19. Qf3 Bg7 20. Bc1 Ne6 21. Ne2 Ng5 22.
Qe3 Nfxe4 23. Nf3 Nxf3+ 24. Qxf3 f5 25. Bb2 Kh7 26. Qe3 c5 27. Nc3 Nxc3 28. Bxc3
f4 29. Qf3 Bb7 30. Qg4 Bc6 31. h4 Qc8 32. Qe2 Qf5 33. Ra6 Bb7 34. Rb6 Bd5 35.
Rxb5 e4 36. Rxb8 Rxb8 37. g3 Bxc3 38. g4 Bd4 39. gxf5 gxf5 40. Qh5 Rg8+ 41. Kh2
f3 42. Qxf5+ Kh8 43. Qxd5 1-0

[Event "Titled Tue 3rd Jan Late"]
[Site "chess.com INT"]
[Date "2025.06.03"]
[Round "2"]
[White "Przybylski, Bartosz"]
[Black "Alekseev, Evgeny"]
[Result "0-1"]
[WhiteTitle "CM"]
[BlackTitle "GM"]
[WhiteElo "2107"]
[BlackElo "2516"]
[WhiteFideId "21878323"]
[BlackFideId "4138147"]
[EventDate "2025.06.03"]

1. e4 c5 2. Nf3 e6 3. d4 cxd4 4. Nxd4 Nc6 5. Nc3 a6 6. Be2 d6 7. Nxc6 bxc6 8.
Qd3 Nf6 9. Qg3 d5 10. e5 Nd7 11. O-O h5 12. h4 g6 13. f4 Be7 14. Be3 Bxh4 15.
Qh3 Be7 16. Rad1 Bb7 17. b3 c5 18. Bf3 Qc7 19. Bf2 Nb6 20. Bh4 Bxh4 21. Qxh4 Qe7
22. Qh3 O-O-O 23. a4 Kb8 24. a5 Nd7 25. Na4 g5 26. fxg5 Qxg5 27. Be2 Rh7 28. Bd3
Rg7 29. Rf2 d4 30. Rdd2 Rdg8 31. Bf1 Qxe5 32. b4 cxb4 33. Qb3 Qd6 34. Qc4 e5 35.
Rxf7 Bd5 36. Rxd7 Rxd7 37. Qe2 Rdg7 38. Qd3 Bb7 39. Nb6 e4 40. Qxd4 Qxd4+ 41.
Rxd4 e3 42. Rd3 Bxg2 43. Bxg2 Rxg2+ 44. Kh1 e2 45. Nd7+ Kc7 46. Nc5 e1=Q# 0-1

[Event "Titled Tue 3rd Jan Late"]
[Site "chess.com INT"]
[Date "2025.06.03"]
[Round "2"]
[White "Deac, Bogdan-Daniel"]
[Black "Akkara, Omer"]
[Result "1-0"]
[WhiteTitle "GM"]
[BlackTitle "CM"]
[WhiteElo "2668"]
[BlackElo "2036"]
[WhiteFideId "1226380"]
[BlackFideId "26319802"]
[EventDate "2025.06.03"]

1. d4 Nf6 2. Bg5 Ne4 3. Bf4 d5 4. Nd2 Nxd2 5. Qxd2 Bf5 6. f3 e6 7. e3 Bd6 8. Ne2
Bxf4 9. Nxf4 Nd7 10. g4 Bg6 11. h4 h5 12. Nxg6 fxg6 13. g5 Qe7 14. Bd3 Qf7 15.
f4 O-O 16. c3 Rfe8 17. Qc2 Kh7 18. O-O c5 19. Qd1 Kg8 20. a4 cxd4 21. exd4 Nf8
22. Qc2 Kh7 23. Rae1 Qc7 24. Re5 Re7 25. Rfe1 Rae8 26. Qd1 Kg8 27. Kg2 Rf7 28.
Rf1 a6 29. Qc2 Kh7 30. Qe2 Kg8 31. Qc2 Kh7 32. Qe2 Kg8 33. f5 gxf5 34. Bxf5 Rfe7
35. Bd3 g6 36. Rf6 Rf7 37. Rxg6+ Nxg6 38. Bxg6 Ref8 39. Bxf7+ Qxf7 40. Rxe6 Qf4
41. Rg6+ Kf7 42. Qe6# 1-0

[Event "Titled Tue 3rd Jan Late"]
[Site "chess.com INT"]
[Date "2025.06.03"]
[Round "2"]
[White "Povshednyi, Ivan"]
[Black "Donoso Aguirre, Maximiliano"]
[Result "1-0"]
[WhiteTitle "FM"]
[BlackTitle "CM"]
[WhiteElo "2320"]
[BlackElo "2002"]
[WhiteFideId "14190907"]
[BlackFideId "3458920"]
[EventDate "2025.06.03"]

1. d4 d5 2. c4 e6 3. Nc3 Nf6 4. cxd5 exd5 5. Bg5 c6 6. e3 h6 7. Bh4 Bd6 8. Bd3
O-O 9. Qc2 Re8 10. Nf3 Be6 11. O-O Nbd7 12. Bg3 Qb8 13. b4 Bxg3 14. hxg3 Qd6 15.
a4 Qxb4 16. Rfb1 Qd6 17. Rxb7 c5 18. dxc5 Qxc5 19. Nb5 Rac8 20. Qb2 a6 21. Nbd4
Rb8 22. Rb1 Rxb7 23. Qxb7 Qc3 24. Qxa6 Nc5 25. Qb5 Qxd3 26. a5 Qxb5 27. Rxb5
Nfe4 28. Ne5 Ra8 29. f3 Nd7 30. Nxd7 Bxd7 31. Rxd5 Nf6 32. Rc5 Kf8 33. g4 Ra6
34. Kf2 Ne8 35. Rd5 Ke7 36. Rc5 Nd6 37. e4 Nb7 38. Rc7 Nxa5 39. Nf5+ Kd8 40. Rc5
g6 41. Nxh6 Nc6 42. Nxf7+ Ke7 43. Ng5 Nd4 44. Rc4 Ne6 45. Nxe6 Bxe6 46. Rd4 Kf6
47. Kg3 g5 48. Rd8 Ke7 49. Rb8 Rd6 50. Rb5 Kf6 51. e5+ 1-0

[Event "Titled Tue 3rd Jan Late"]
[Site "chess.com INT"]
[Date "2025.06.03"]
[Round "2"]
[White "Grigorjev, Iljya"]
[Black "Chekletsov, Ilya"]
[Result "1-0"]
[WhiteTitle "IM"]
[BlackTitle "IM"]
[WhiteElo "2433"]
[BlackElo "2338"]
[WhiteFideId "24159565"]
[BlackFideId "24177156"]
[EventDate "2025.06.03"]

1. e4 c5 2. Nf3 d6 3. d4 cxd4 4. Nxd4 Nf6 5. Nc3 g6 6. Be3 Bg7 7. f3 O-O 8. Qd2
Nc6 9. O-O-O d5 10. Kb1 Nxd4 11. e5 Nf5 12. exf6 exf6 13. Nxd5 Be6 14. Bc4 Nxe3
15. Qxe3 f5 16. Bb3 Re8 17. Qf4 Rc8 18. c3 Qa5 19. h4 h5 20. Qg5 Qd8 21. Qf4 Qa5
22. Qd6 Rcd8 23. Qb4 Qxb4 24. Nxb4 f4 25. Rxd8 Rxd8 26. Bxe6 fxe6 27. Kc2 Bf6
28. Nd3 e5 29. Nc5 b6 30. Ne4 Kf7 31. a4 Be7 32. b4 a5 33. bxa5 bxa5 34. Nd2 Ke6
35. Nc4 Rd5 36. Rb1 Bxh4 37. Rb6+ Kf7 38. Rb5 Rxb5 39. axb5 Bd8 40. Nxe5+ Kf6
41. Nc6 Bc7 42. c4 g5 43. c5 Ke6 44. b6 Kd7 45. bxc7 Kxc7 46. Nxa5 g4 47. Kd3
gxf3 48. gxf3 h4 49. Ke2 1-0

[Event "Titled Tue 3rd Jan Late"]
[Site "chess.com INT"]
[Date "2025.06.03"]
[Round "2"]
[White "Fieberg, Samuel"]
[Black "Adewumi, Tanitoluwa"]
[Result "0-1"]
[WhiteTitle "FM"]
[BlackTitle "FM"]
[WhiteElo "2157"]
[BlackElo "2376"]
[WhiteFideId "12901717"]
[BlackFideId "30966396"]
[EventDate "2025.06.03"]

1. e4 g6 2. d4 Bg7 3. Nc3 d6 4. Nf3 a6 5. a4 b6 6. Bc4 e6 7. h4 h6 8. Bf4 Bb7 9.
d5 Bxc3+ 10. bxc3 e5 11. Be3 a5 12. Bb5+ Nd7 13. h5 g5 14. Nd2 Kf8 15. Bxd7 Qxd7
16. g4 Nf6 17. f3 Kg7 18. c4 Rhb8 19. Nf1 Ba6 20. Ng3 Bxc4 21. Nf5+ Kh7 22. Nxh6
Kxh6 23. Bxg5+ Kg7 24. h6+ Kg6 25. Bxf6 Kxf6 26. f4 Kg6 27. f5+ Kh7 28. g5 Rg8
29. Qh5 Bxd5 30. exd5 Qxf5 31. Rg1 Qe4+ 32. Kd2 Qd4+ 33. Ke2 Raf8 34. Raf1 Qxd5
35. Rf2 Qe4+ 36. Kf1 Qc4+ 37. Kg2 Rg6 38. Kh2 Qe6 39. Rg3 f5 40. gxf6 Rxg3 41.
Kxg3 Rxf6 42. Rh2 Rg6+ 43. Kf2 Qf7+ 44. Ke2 Rg2+ 45. Ke3 Qf4+ 46. Kd3 Qd4# 0-1

[Event "Titled Tue 3rd Jan Late"]
[Site "chess.com INT"]
[Date "2025.06.03"]
[Round "2"]
[White "Garzon Zapatanga, Christopher Leonel"]
[Black "Schnaider, Ilan"]
[Result "1/2-1/2"]
[WhiteTitle "FM"]
[BlackTitle "IM"]
[WhiteElo "2168"]
[BlackElo "2388"]
[WhiteFideId "3634787"]
[BlackFideId "169013"]
[EventDate "2025.06.03"]

1. b3 e5 2. Bb2 Nc6 3. e3 d5 4. Bb5 Ne7 5. Nf3 e4 6. Nd4 Bd7 7. Bxc6 Nxc6 8. c4
Nxd4 9. Bxd4 c6 10. Nc3 Qg5 11. Qc2 Ba3 12. cxd5 cxd5 13. Rg1 Rc8 14. b4 Bxb4
15. Qb3 Bxc3 16. Bxc3 O-O 17. Qxb7 Bg4 18. Qxa7 Bh5 19. g4 Bg6 20. Qd4 f6 21. h4
Qxh4 22. Qxd5+ Kh8 23. Rb1 Qh2 24. Rf1 Bf7 25. Qd7 Rc7 26. Qf5 Bc4 27. Qxe4 Bxf1
28. Kxf1 Rfc8 29. Rb6 Rc4 30. Qe7 Qh3+ 31. Ke1 Qxg4 32. Rb7 Qg1+ 33. Ke2 Qg4+
34. Ke1 Qg6 35. Rd7 h6 36. Qe6 Kh7 37. Bxf6 R8c6 38. Rxg7+ Qxg7 39. Qf5+ Qg6 40.
Qd7+ Kg8 41. Qd8+ Kf7 42. Qe7+ Kg8 43. Qd8+ Kh7 44. Qe7+ Kg8 45. Qd8+ 1/2-1/2

[Event "Titled Tue 3rd Jan Late"]
[Site "chess.com INT"]
[Date "2025.06.03"]
[Round "2"]
[White "Dudzinski, Pawel"]
[Black "Pulido Alvarez, Ariel"]
[Result "0-1"]
[WhiteTitle "FM"]
[BlackTitle "FM"]
[WhiteElo "2191"]
[BlackElo "2252"]
[WhiteFideId "1117890"]
[BlackFideId "3503011"]
[EventDate "2025.06.03"]

1. e4 c5 2. Nc3 d6 3. g3 Nf6 4. Bg2 Nc6 5. Nge2 g6 6. d4 cxd4 7. Nxd4 Nxd4 8.
Qxd4 Bg7 9. O-O O-O 10. h3 Bd7 11. Be3 Ng4 12. Qd2 Nxe3 13. Qxe3 Rc8 14. Qxa7
Bxc3 15. bxc3 Bc6 16. Qd4 Qa5 17. Qb4 Qe5 18. f4 Qf6 19. Qd4 Bb5 20. Qxf6 exf6
21. Rf3 Rfe8 22. Re3 d5 23. Rae1 dxe4 24. Bxe4 Re7 25. Bd5 Rec7 26. Rb1 Bc6 27.
Bxc6 Rxc6 28. Rb3 Ra8 29. a3 b5 30. Rxb5 Rxa3 31. Rb3 Ra1+ 32. Kf2 Rh1 33. Kg2
Rc1 34. Re2 f5 35. h4 Kg7 36. Kh3 Rh1+ 37. Rh2 Rc1 38. Rd2 h5 39. Kg2 Kf6 40.
Kf2 Re6 41. Rb7 Rh1 42. Rdd7 Rh2+ 43. Kg1 Ree2 44. Rxf7+ Ke6 45. Rfe7+ Kd5 46.
Rxe2 Rxe2 47. Re7 Rxe7 48. Kf2 Ke4 0-1

[Event "Titled Tue 3rd Jan Late"]
[Site "chess.com INT"]
[Date "2025.06.03"]
[Round "2"]
[White "Gabrielian, Artur"]
[Black "Zilberstein, Dmitry"]
[Result "0-1"]
[WhiteTitle "GM"]
[BlackTitle "IM"]
[WhiteElo "2419"]
[BlackElo "2358"]
[WhiteFideId "4131002"]
[BlackFideId "2010739"]
[EventDate "2025.06.03"]

1. Nf3 Nf6 2. g3 g6 3. Bg2 Bg7 4. c4 O-O 5. d4 d6 6. Nc3 c6 7. O-O Qb6 8. h3 Qa6
9. b3 b5 10. cxb5 cxb5 11. e4 b4 12. Nd5 Nxd5 13. exd5 Bb7 14. Bg5 f6 15. Bd2
Bxd5 16. Bxb4 Nc6 17. Bc3 Rad8 18. Re1 e5 19. h4 Qb7 20. h5 exd4 21. hxg6 hxg6
22. Bh3 Ne5 23. Nxd4 f5 24. f4 Nf3+ 25. Nxf3 Bxc3 26. Ng5 Bxe1 27. Qxe1 Rfe8 28.
Qf2 Qb6 29. Rd1 Qxf2+ 30. Kxf2 Bb7 31. Bf1 Kg7 32. Bb5 Re7 33. Bc4 d5 34. Be2
Rh8 35. Bf3 Rh2+ 36. Kg1 Rxa2 37. Rc1 a5 38. Kf1 Rb2 39. Bg2 Rxb3 40. Nf3 Ba6+
41. Kg1 Rb2 42. Ne5 Bc4 43. Rd1 a4 0-1